| 000 | 00396nam a22001577a 4500 | ||
|---|---|---|---|
| 003 | SGT | ||
| 020 | _a9781543348651 | ||
| 082 |
_a615.19 _bL25K |
||
| 100 | _aKALLI, SWARNA BHARATHI | ||
| 245 | _aLAB MANUAL FOR MEDICINAL CHEMISTRY | ||
| 260 |
_aPUNJAB _bS. VIKASH & COMPANY _c2025 |
||
| 300 | _a104 | ||
| 650 | _aCHEMISTRY | ||
| 653 | _aLAB, MANUAL, MEDICINAL, CHEMISTRY | ||
| 942 |
_2ddc _cGF BOOKS |
||
| 999 |
_c33308 _d33308 |
||